<?xml version="1.0" encoding="UTF-8"?>
<record
    xmlns:xsi="http://www.w3.org/2001/XMLSchema-instance"
    xsi:schemaLocation="http://www.loc.gov/MARC21/slim http://www.loc.gov/standards/marcxml/schema/MARC21slim.xsd"
    xmlns="http://www.loc.gov/MARC21/slim">

  <leader>00441    a2200169   4500</leader>
  <datafield tag="020" ind1=" " ind2=" ">
    <subfield code="a">9780470873748</subfield>
  </datafield>
  <datafield tag="082" ind1=" " ind2=" ">
    <subfield code="a">519.4 GIL</subfield>
  </datafield>
  <datafield tag="090" ind1=" " ind2=" ">
    <subfield code="c">40012</subfield>
    <subfield code="d">40012</subfield>
  </datafield>
  <datafield tag="100" ind1=" " ind2=" ">
    <subfield code="a">Amas Gilat</subfield>
  </datafield>
  <datafield tag="245" ind1=" " ind2=" ">
    <subfield code="a">Numerical Methods (SI Version) An introduction with Application Using MATLAB 2nd/ed</subfield>
  </datafield>
  <datafield tag="250" ind1=" " ind2=" ">
    <subfield code="a">2</subfield>
  </datafield>
  <datafield tag="260" ind1=" " ind2=" ">
    <subfield code="a">Asia</subfield>
    <subfield code="b">Wiley</subfield>
    <subfield code="c">2011</subfield>
  </datafield>
  <datafield tag="300" ind1=" " ind2=" ">
    <subfield code="a">xvi 460p.</subfield>
  </datafield>
  <datafield tag="500" ind1=" " ind2=" ">
    <subfield code="a">BE H&amp;S Textbook</subfield>
  </datafield>
  <datafield tag="505" ind1=" " ind2=" ">
    <subfield code="a">NUST Books</subfield>
  </datafield>
  <datafield tag="942" ind1=" " ind2=" ">
    <subfield code="a">CAENUST</subfield>
    <subfield code="k">519.4 GIL</subfield>
  </datafield>
  <datafield tag="999" ind1=" " ind2=" ">
    <subfield code="c">475498</subfield>
    <subfield code="d">475498</subfield>
  </datafield>
  <datafield tag="952" ind1=" " ind2=" ">
    <subfield code="0">0</subfield>
    <subfield code="1">0</subfield>
    <subfield code="4">0</subfield>
    <subfield code="7">0</subfield>
    <subfield code="a">CAE</subfield>
    <subfield code="b">CAE </subfield>
    <subfield code="d">2018-03-30</subfield>
    <subfield code="l">0</subfield>
    <subfield code="o">519.4 GIL</subfield>
    <subfield code="p">CAEN-5597</subfield>
    <subfield code="r">2018-03-30</subfield>
    <subfield code="w">2018-03-30</subfield>
    <subfield code="y">BK</subfield>
  </datafield>
  <datafield tag="952" ind1=" " ind2=" ">
    <subfield code="0">0</subfield>
    <subfield code="1">0</subfield>
    <subfield code="4">0</subfield>
    <subfield code="7">0</subfield>
    <subfield code="a">CAE</subfield>
    <subfield code="b">CAE </subfield>
    <subfield code="d">2018-03-30</subfield>
    <subfield code="l">0</subfield>
    <subfield code="o">519.4 GIL</subfield>
    <subfield code="p">CAEN-5600</subfield>
    <subfield code="r">2018-03-30</subfield>
    <subfield code="w">2018-03-30</subfield>
    <subfield code="y">BK</subfield>
  </datafield>
  <datafield tag="952" ind1=" " ind2=" ">
    <subfield code="0">0</subfield>
    <subfield code="1">0</subfield>
    <subfield code="4">0</subfield>
    <subfield code="7">0</subfield>
    <subfield code="a">CAE</subfield>
    <subfield code="b">CAE </subfield>
    <subfield code="d">2018-03-30</subfield>
    <subfield code="l">0</subfield>
    <subfield code="o">519.4 GIL</subfield>
    <subfield code="p">CAEN-5587</subfield>
    <subfield code="r">2018-03-30</subfield>
    <subfield code="w">2018-03-30</subfield>
    <subfield code="y">BK</subfield>
  </datafield>
  <datafield tag="952" ind1=" " ind2=" ">
    <subfield code="0">0</subfield>
    <subfield code="1">0</subfield>
    <subfield code="4">0</subfield>
    <subfield code="7">0</subfield>
    <subfield code="a">CAE</subfield>
    <subfield code="b">CAE </subfield>
    <subfield code="d">2018-03-30</subfield>
    <subfield code="l">0</subfield>
    <subfield code="o">519.4 GIL</subfield>
    <subfield code="p">CAEN-5576</subfield>
    <subfield code="r">2018-03-30</subfield>
    <subfield code="w">2018-03-30</subfield>
    <subfield code="y">BK</subfield>
  </datafield>
  <datafield tag="952" ind1=" " ind2=" ">
    <subfield code="0">0</subfield>
    <subfield code="1">0</subfield>
    <subfield code="4">0</subfield>
    <subfield code="7">0</subfield>
    <subfield code="a">CAE</subfield>
    <subfield code="b">CAE </subfield>
    <subfield code="d">2018-03-30</subfield>
    <subfield code="l">0</subfield>
    <subfield code="o">519.4 GIL</subfield>
    <subfield code="p">CAEN-5580</subfield>
    <subfield code="r">2018-03-30</subfield>
    <subfield code="w">2018-03-30</subfield>
    <subfield code="y">BK</subfield>
  </datafield>
  <datafield tag="952" ind1=" " ind2=" ">
    <subfield code="0">0</subfield>
    <subfield code="1">0</subfield>
    <subfield code="4">0</subfield>
    <subfield code="7">0</subfield>
    <subfield code="a">CAE</subfield>
    <subfield code="b">CAE </subfield>
    <subfield code="d">2018-03-30</subfield>
    <subfield code="l">0</subfield>
    <subfield code="o">519.4 GIL</subfield>
    <subfield code="p">CAEN-5598</subfield>
    <subfield code="r">2018-03-30</subfield>
    <subfield code="w">2018-03-30</subfield>
    <subfield code="y">BK</subfield>
  </datafield>
  <datafield tag="952" ind1=" " ind2=" ">
    <subfield code="0">0</subfield>
    <subfield code="1">0</subfield>
    <subfield code="4">0</subfield>
    <subfield code="7">0</subfield>
    <subfield code="a">CAE</subfield>
    <subfield code="b">CAE </subfield>
    <subfield code="d">2018-03-30</subfield>
    <subfield code="l">0</subfield>
    <subfield code="o">519.4 GIL</subfield>
    <subfield code="p">CAEN-5583</subfield>
    <subfield code="r">2018-03-30</subfield>
    <subfield code="w">2018-03-30</subfield>
    <subfield code="y">BK</subfield>
  </datafield>
  <datafield tag="952" ind1=" " ind2=" ">
    <subfield code="0">0</subfield>
    <subfield code="1">0</subfield>
    <subfield code="4">0</subfield>
    <subfield code="7">0</subfield>
    <subfield code="a">CAE</subfield>
    <subfield code="b">CAE </subfield>
    <subfield code="d">2018-03-30</subfield>
    <subfield code="l">0</subfield>
    <subfield code="o">519.4 GIL</subfield>
    <subfield code="p">CAEN-5577</subfield>
    <subfield code="r">2018-03-30</subfield>
    <subfield code="w">2018-03-30</subfield>
    <subfield code="y">BK</subfield>
  </datafield>
  <datafield tag="952" ind1=" " ind2=" ">
    <subfield code="0">0</subfield>
    <subfield code="1">0</subfield>
    <subfield code="4">0</subfield>
    <subfield code="7">0</subfield>
    <subfield code="a">CAE</subfield>
    <subfield code="b">CAE </subfield>
    <subfield code="d">2018-03-30</subfield>
    <subfield code="l">0</subfield>
    <subfield code="o">519.4 GIL</subfield>
    <subfield code="p">CAEN-5548</subfield>
    <subfield code="r">2018-03-30</subfield>
    <subfield code="w">2018-03-30</subfield>
    <subfield code="y">BK</subfield>
  </datafield>
  <datafield tag="952" ind1=" " ind2=" ">
    <subfield code="0">0</subfield>
    <subfield code="1">0</subfield>
    <subfield code="4">0</subfield>
    <subfield code="7">0</subfield>
    <subfield code="a">CAE</subfield>
    <subfield code="b">CAE </subfield>
    <subfield code="d">2018-03-30</subfield>
    <subfield code="l">0</subfield>
    <subfield code="o">519.4 GIL</subfield>
    <subfield code="p">CAEN-5567</subfield>
    <subfield code="r">2018-03-30</subfield>
    <subfield code="w">2018-03-30</subfield>
    <subfield code="y">BK</subfield>
  </datafield>
  <datafield tag="952" ind1=" " ind2=" ">
    <subfield code="0">0</subfield>
    <subfield code="1">0</subfield>
    <subfield code="4">0</subfield>
    <subfield code="7">0</subfield>
    <subfield code="a">CAE</subfield>
    <subfield code="b">CAE </subfield>
    <subfield code="d">2018-03-30</subfield>
    <subfield code="l">0</subfield>
    <subfield code="o">519.4 GIL</subfield>
    <subfield code="p">CAEN-5552</subfield>
    <subfield code="r">2018-03-30</subfield>
    <subfield code="w">2018-03-30</subfield>
    <subfield code="y">BK</subfield>
  </datafield>
  <datafield tag="952" ind1=" " ind2=" ">
    <subfield code="0">0</subfield>
    <subfield code="1">0</subfield>
    <subfield code="4">0</subfield>
    <subfield code="7">0</subfield>
    <subfield code="a">CAE</subfield>
    <subfield code="b">CAE </subfield>
    <subfield code="d">2018-03-30</subfield>
    <subfield code="l">0</subfield>
    <subfield code="o">519.4 GIL</subfield>
    <subfield code="p">CAEN-5569</subfield>
    <subfield code="r">2018-03-30</subfield>
    <subfield code="w">2018-03-30</subfield>
    <subfield code="y">BK</subfield>
  </datafield>
  <datafield tag="952" ind1=" " ind2=" ">
    <subfield code="0">0</subfield>
    <subfield code="1">0</subfield>
    <subfield code="4">0</subfield>
    <subfield code="7">0</subfield>
    <subfield code="a">CAE</subfield>
    <subfield code="b">CAE </subfield>
    <subfield code="d">2018-03-30</subfield>
    <subfield code="l">0</subfield>
    <subfield code="o">519.4 GIL</subfield>
    <subfield code="p">CAEN-5585</subfield>
    <subfield code="r">2018-03-30</subfield>
    <subfield code="w">2018-03-30</subfield>
    <subfield code="y">BK</subfield>
  </datafield>
  <datafield tag="952" ind1=" " ind2=" ">
    <subfield code="0">0</subfield>
    <subfield code="1">0</subfield>
    <subfield code="4">0</subfield>
    <subfield code="7">0</subfield>
    <subfield code="a">CAE</subfield>
    <subfield code="b">CAE </subfield>
    <subfield code="d">2018-03-30</subfield>
    <subfield code="l">0</subfield>
    <subfield code="o">519.4 GIL</subfield>
    <subfield code="p">CAEN-5584</subfield>
    <subfield code="r">2018-03-30</subfield>
    <subfield code="w">2018-03-30</subfield>
    <subfield code="y">BK</subfield>
  </datafield>
  <datafield tag="952" ind1=" " ind2=" ">
    <subfield code="0">0</subfield>
    <subfield code="1">0</subfield>
    <subfield code="4">0</subfield>
    <subfield code="7">0</subfield>
    <subfield code="a">CAE</subfield>
    <subfield code="b">CAE </subfield>
    <subfield code="d">2018-03-30</subfield>
    <subfield code="l">0</subfield>
    <subfield code="o">519.4 GIL</subfield>
    <subfield code="p">CAEN-5596</subfield>
    <subfield code="r">2018-03-30</subfield>
    <subfield code="w">2018-03-30</subfield>
    <subfield code="y">BK</subfield>
  </datafield>
  <datafield tag="952" ind1=" " ind2=" ">
    <subfield code="0">0</subfield>
    <subfield code="1">0</subfield>
    <subfield code="4">0</subfield>
    <subfield code="7">0</subfield>
    <subfield code="a">CAE</subfield>
    <subfield code="b">CAE </subfield>
    <subfield code="d">2018-03-30</subfield>
    <subfield code="l">0</subfield>
    <subfield code="o">519.4 GIL</subfield>
    <subfield code="p">CAEN-5545</subfield>
    <subfield code="r">2018-03-30</subfield>
    <subfield code="w">2018-03-30</subfield>
    <subfield code="y">BK</subfield>
  </datafield>
  <datafield tag="952" ind1=" " ind2=" ">
    <subfield code="0">0</subfield>
    <subfield code="1">0</subfield>
    <subfield code="4">0</subfield>
    <subfield code="7">0</subfield>
    <subfield code="a">CAE</subfield>
    <subfield code="b">CAE </subfield>
    <subfield code="d">2018-03-30</subfield>
    <subfield code="l">0</subfield>
    <subfield code="o">519.4 GIL</subfield>
    <subfield code="p">CAEN-5555</subfield>
    <subfield code="r">2018-03-30</subfield>
    <subfield code="w">2018-03-30</subfield>
    <subfield code="y">BK</subfield>
  </datafield>
  <datafield tag="952" ind1=" " ind2=" ">
    <subfield code="0">0</subfield>
    <subfield code="1">0</subfield>
    <subfield code="4">0</subfield>
    <subfield code="7">0</subfield>
    <subfield code="a">CAE</subfield>
    <subfield code="b">CAE </subfield>
    <subfield code="d">2018-03-30</subfield>
    <subfield code="l">0</subfield>
    <subfield code="o">519.4 GIL</subfield>
    <subfield code="p">CAEN-5531</subfield>
    <subfield code="r">2018-03-30</subfield>
    <subfield code="w">2018-03-30</subfield>
    <subfield code="y">BK</subfield>
  </datafield>
  <datafield tag="952" ind1=" " ind2=" ">
    <subfield code="0">0</subfield>
    <subfield code="1">0</subfield>
    <subfield code="4">0</subfield>
    <subfield code="7">0</subfield>
    <subfield code="a">CAE</subfield>
    <subfield code="b">CAE </subfield>
    <subfield code="d">2018-03-30</subfield>
    <subfield code="l">0</subfield>
    <subfield code="o">519.4 GIL</subfield>
    <subfield code="p">CAEN-5564</subfield>
    <subfield code="r">2018-03-30</subfield>
    <subfield code="w">2018-03-30</subfield>
    <subfield code="y">BK</subfield>
  </datafield>
  <datafield tag="952" ind1=" " ind2=" ">
    <subfield code="0">0</subfield>
    <subfield code="1">0</subfield>
    <subfield code="4">0</subfield>
    <subfield code="7">0</subfield>
    <subfield code="a">CAE</subfield>
    <subfield code="b">CAE </subfield>
    <subfield code="d">2018-03-30</subfield>
    <subfield code="l">0</subfield>
    <subfield code="o">519.4 GIL</subfield>
    <subfield code="p">CAEN-5595</subfield>
    <subfield code="r">2018-03-30</subfield>
    <subfield code="w">2018-03-30</subfield>
    <subfield code="y">BK</subfield>
  </datafield>
  <datafield tag="952" ind1=" " ind2=" ">
    <subfield code="0">0</subfield>
    <subfield code="1">0</subfield>
    <subfield code="4">0</subfield>
    <subfield code="7">0</subfield>
    <subfield code="a">CAE</subfield>
    <subfield code="b">CAE </subfield>
    <subfield code="d">2018-03-30</subfield>
    <subfield code="l">0</subfield>
    <subfield code="o">519.4 GIL</subfield>
    <subfield code="p">CAEN-5560</subfield>
    <subfield code="r">2018-03-30</subfield>
    <subfield code="w">2018-03-30</subfield>
    <subfield code="y">BK</subfield>
  </datafield>
  <datafield tag="952" ind1=" " ind2=" ">
    <subfield code="0">0</subfield>
    <subfield code="1">0</subfield>
    <subfield code="4">0</subfield>
    <subfield code="7">0</subfield>
    <subfield code="a">CAE</subfield>
    <subfield code="b">CAE </subfield>
    <subfield code="d">2018-03-30</subfield>
    <subfield code="l">0</subfield>
    <subfield code="o">519.4 GIL</subfield>
    <subfield code="p">CAEN-5523</subfield>
    <subfield code="r">2018-03-30</subfield>
    <subfield code="w">2018-03-30</subfield>
    <subfield code="y">BK</subfield>
  </datafield>
  <datafield tag="952" ind1=" " ind2=" ">
    <subfield code="0">0</subfield>
    <subfield code="1">0</subfield>
    <subfield code="4">0</subfield>
    <subfield code="7">0</subfield>
    <subfield code="a">CAE</subfield>
    <subfield code="b">CAE </subfield>
    <subfield code="d">2018-03-30</subfield>
    <subfield code="l">0</subfield>
    <subfield code="o">519.4 GIL</subfield>
    <subfield code="p">CAEN-5520</subfield>
    <subfield code="r">2018-03-30</subfield>
    <subfield code="w">2018-03-30</subfield>
    <subfield code="y">BK</subfield>
  </datafield>
  <datafield tag="952" ind1=" " ind2=" ">
    <subfield code="0">0</subfield>
    <subfield code="1">0</subfield>
    <subfield code="4">0</subfield>
    <subfield code="7">0</subfield>
    <subfield code="a">CAE</subfield>
    <subfield code="b">CAE </subfield>
    <subfield code="d">2018-03-30</subfield>
    <subfield code="l">0</subfield>
    <subfield code="o">519.4 GIL</subfield>
    <subfield code="p">CAEN-5558</subfield>
    <subfield code="r">2018-03-30</subfield>
    <subfield code="w">2018-03-30</subfield>
    <subfield code="y">BK</subfield>
  </datafield>
  <datafield tag="952" ind1=" " ind2=" ">
    <subfield code="0">0</subfield>
    <subfield code="1">0</subfield>
    <subfield code="4">0</subfield>
    <subfield code="7">0</subfield>
    <subfield code="a">CAE</subfield>
    <subfield code="b">CAE </subfield>
    <subfield code="d">2018-03-30</subfield>
    <subfield code="l">0</subfield>
    <subfield code="o">519.4 GIL</subfield>
    <subfield code="p">CAEN-5539</subfield>
    <subfield code="r">2018-03-30</subfield>
    <subfield code="w">2018-03-30</subfield>
    <subfield code="y">BK</subfield>
  </datafield>
  <datafield tag="952" ind1=" " ind2=" ">
    <subfield code="0">0</subfield>
    <subfield code="1">0</subfield>
    <subfield code="4">0</subfield>
    <subfield code="7">0</subfield>
    <subfield code="a">CAE</subfield>
    <subfield code="b">CAE </subfield>
    <subfield code="d">2018-03-30</subfield>
    <subfield code="l">0</subfield>
    <subfield code="o">519.4 GIL</subfield>
    <subfield code="p">CAEN-5529</subfield>
    <subfield code="r">2018-03-30</subfield>
    <subfield code="w">2018-03-30</subfield>
    <subfield code="y">BK</subfield>
  </datafield>
  <datafield tag="952" ind1=" " ind2=" ">
    <subfield code="0">0</subfield>
    <subfield code="1">0</subfield>
    <subfield code="4">0</subfield>
    <subfield code="7">0</subfield>
    <subfield code="a">CAE</subfield>
    <subfield code="b">CAE </subfield>
    <subfield code="d">2018-03-30</subfield>
    <subfield code="l">0</subfield>
    <subfield code="o">519.4 GIL</subfield>
    <subfield code="p">CAEN-5589</subfield>
    <subfield code="r">2018-03-30</subfield>
    <subfield code="w">2018-03-30</subfield>
    <subfield code="y">BK</subfield>
  </datafield>
  <datafield tag="952" ind1=" " ind2=" ">
    <subfield code="0">0</subfield>
    <subfield code="1">0</subfield>
    <subfield code="4">0</subfield>
    <subfield code="7">0</subfield>
    <subfield code="a">CAE</subfield>
    <subfield code="b">CAE </subfield>
    <subfield code="d">2018-03-30</subfield>
    <subfield code="l">0</subfield>
    <subfield code="o">519.4 GIL</subfield>
    <subfield code="p">CAEN-5563</subfield>
    <subfield code="r">2018-03-30</subfield>
    <subfield code="w">2018-03-30</subfield>
    <subfield code="y">BK</subfield>
  </datafield>
  <datafield tag="952" ind1=" " ind2=" ">
    <subfield code="0">0</subfield>
    <subfield code="1">0</subfield>
    <subfield code="4">0</subfield>
    <subfield code="7">0</subfield>
    <subfield code="a">CAE</subfield>
    <subfield code="b">CAE </subfield>
    <subfield code="d">2018-03-30</subfield>
    <subfield code="l">0</subfield>
    <subfield code="o">519.4 GIL</subfield>
    <subfield code="p">CAEN-5535</subfield>
    <subfield code="r">2018-03-30</subfield>
    <subfield code="w">2018-03-30</subfield>
    <subfield code="y">BK</subfield>
  </datafield>
  <datafield tag="952" ind1=" " ind2=" ">
    <subfield code="0">0</subfield>
    <subfield code="1">0</subfield>
    <subfield code="4">0</subfield>
    <subfield code="7">0</subfield>
    <subfield code="a">CAE</subfield>
    <subfield code="b">CAE </subfield>
    <subfield code="d">2018-03-30</subfield>
    <subfield code="l">0</subfield>
    <subfield code="o">519.4 GIL</subfield>
    <subfield code="p">CAEN-5557</subfield>
    <subfield code="r">2018-03-30</subfield>
    <subfield code="w">2018-03-30</subfield>
    <subfield code="y">BK</subfield>
  </datafield>
  <datafield tag="952" ind1=" " ind2=" ">
    <subfield code="0">0</subfield>
    <subfield code="1">0</subfield>
    <subfield code="4">0</subfield>
    <subfield code="7">0</subfield>
    <subfield code="a">CAE</subfield>
    <subfield code="b">CAE </subfield>
    <subfield code="d">2018-03-30</subfield>
    <subfield code="l">0</subfield>
    <subfield code="o">519.4 GIL</subfield>
    <subfield code="p">CAEN-5533</subfield>
    <subfield code="r">2018-03-30</subfield>
    <subfield code="w">2018-03-30</subfield>
    <subfield code="y">BK</subfield>
  </datafield>
  <datafield tag="952" ind1=" " ind2=" ">
    <subfield code="0">0</subfield>
    <subfield code="1">0</subfield>
    <subfield code="4">0</subfield>
    <subfield code="7">0</subfield>
    <subfield code="a">CAE</subfield>
    <subfield code="b">CAE </subfield>
    <subfield code="d">2018-03-30</subfield>
    <subfield code="l">0</subfield>
    <subfield code="o">519.4 GIL</subfield>
    <subfield code="p">CAEN-5562</subfield>
    <subfield code="r">2018-03-30</subfield>
    <subfield code="w">2018-03-30</subfield>
    <subfield code="y">BK</subfield>
  </datafield>
  <datafield tag="952" ind1=" " ind2=" ">
    <subfield code="0">0</subfield>
    <subfield code="1">0</subfield>
    <subfield code="4">0</subfield>
    <subfield code="7">0</subfield>
    <subfield code="a">CAE</subfield>
    <subfield code="b">CAE </subfield>
    <subfield code="d">2018-03-30</subfield>
    <subfield code="l">0</subfield>
    <subfield code="o">519.4 GIL</subfield>
    <subfield code="p">CAEN-5534</subfield>
    <subfield code="r">2018-03-30</subfield>
    <subfield code="w">2018-03-30</subfield>
    <subfield code="y">BK</subfield>
  </datafield>
  <datafield tag="952" ind1=" " ind2=" ">
    <subfield code="0">0</subfield>
    <subfield code="1">0</subfield>
    <subfield code="4">0</subfield>
    <subfield code="7">0</subfield>
    <subfield code="a">CAE</subfield>
    <subfield code="b">CAE </subfield>
    <subfield code="d">2018-03-30</subfield>
    <subfield code="l">0</subfield>
    <subfield code="o">519.4 GIL</subfield>
    <subfield code="p">CAEN-5537</subfield>
    <subfield code="r">2018-03-30</subfield>
    <subfield code="w">2018-03-30</subfield>
    <subfield code="y">BK</subfield>
  </datafield>
  <datafield tag="952" ind1=" " ind2=" ">
    <subfield code="0">0</subfield>
    <subfield code="1">0</subfield>
    <subfield code="4">0</subfield>
    <subfield code="7">0</subfield>
    <subfield code="a">CAE</subfield>
    <subfield code="b">CAE </subfield>
    <subfield code="d">2018-03-30</subfield>
    <subfield code="l">0</subfield>
    <subfield code="o">519.4 GIL</subfield>
    <subfield code="p">CAEN-5593</subfield>
    <subfield code="r">2018-03-30</subfield>
    <subfield code="w">2018-03-30</subfield>
    <subfield code="y">BK</subfield>
  </datafield>
  <datafield tag="952" ind1=" " ind2=" ">
    <subfield code="0">0</subfield>
    <subfield code="1">0</subfield>
    <subfield code="4">0</subfield>
    <subfield code="7">0</subfield>
    <subfield code="a">CAE</subfield>
    <subfield code="b">CAE </subfield>
    <subfield code="d">2018-03-30</subfield>
    <subfield code="l">0</subfield>
    <subfield code="o">519.4 GIL</subfield>
    <subfield code="p">CAEN-5561</subfield>
    <subfield code="r">2018-03-30</subfield>
    <subfield code="w">2018-03-30</subfield>
    <subfield code="y">BK</subfield>
  </datafield>
  <datafield tag="952" ind1=" " ind2=" ">
    <subfield code="0">0</subfield>
    <subfield code="1">0</subfield>
    <subfield code="4">0</subfield>
    <subfield code="7">0</subfield>
    <subfield code="a">CAE</subfield>
    <subfield code="b">CAE </subfield>
    <subfield code="d">2018-03-30</subfield>
    <subfield code="l">0</subfield>
    <subfield code="o">519.4 GIL</subfield>
    <subfield code="p">CAEN-5519</subfield>
    <subfield code="r">2018-03-30</subfield>
    <subfield code="w">2018-03-30</subfield>
    <subfield code="y">BK</subfield>
  </datafield>
  <datafield tag="952" ind1=" " ind2=" ">
    <subfield code="0">0</subfield>
    <subfield code="1">0</subfield>
    <subfield code="4">0</subfield>
    <subfield code="7">0</subfield>
    <subfield code="a">CAE</subfield>
    <subfield code="b">CAE </subfield>
    <subfield code="d">2018-03-30</subfield>
    <subfield code="l">0</subfield>
    <subfield code="o">519.4 GIL</subfield>
    <subfield code="p">CAEN-5526</subfield>
    <subfield code="r">2018-03-30</subfield>
    <subfield code="w">2018-03-30</subfield>
    <subfield code="y">BK</subfield>
  </datafield>
  <datafield tag="952" ind1=" " ind2=" ">
    <subfield code="0">0</subfield>
    <subfield code="1">0</subfield>
    <subfield code="4">0</subfield>
    <subfield code="7">0</subfield>
    <subfield code="a">CAE</subfield>
    <subfield code="b">CAE </subfield>
    <subfield code="d">2018-03-30</subfield>
    <subfield code="l">0</subfield>
    <subfield code="o">519.4 GIL</subfield>
    <subfield code="p">CAEN-5522</subfield>
    <subfield code="r">2018-03-30</subfield>
    <subfield code="w">2018-03-30</subfield>
    <subfield code="y">BK</subfield>
  </datafield>
  <datafield tag="952" ind1=" " ind2=" ">
    <subfield code="0">0</subfield>
    <subfield code="1">0</subfield>
    <subfield code="4">0</subfield>
    <subfield code="7">0</subfield>
    <subfield code="a">CAE</subfield>
    <subfield code="b">CAE </subfield>
    <subfield code="d">2018-03-30</subfield>
    <subfield code="l">0</subfield>
    <subfield code="o">519.4 GIL</subfield>
    <subfield code="p">CAEN-5591</subfield>
    <subfield code="r">2018-03-30</subfield>
    <subfield code="w">2018-03-30</subfield>
    <subfield code="y">BK</subfield>
  </datafield>
  <datafield tag="952" ind1=" " ind2=" ">
    <subfield code="0">0</subfield>
    <subfield code="1">0</subfield>
    <subfield code="4">0</subfield>
    <subfield code="7">0</subfield>
    <subfield code="a">CAE</subfield>
    <subfield code="b">CAE </subfield>
    <subfield code="d">2018-03-30</subfield>
    <subfield code="l">0</subfield>
    <subfield code="o">519.4 GIL</subfield>
    <subfield code="p">CAEN-5525</subfield>
    <subfield code="r">2018-03-30</subfield>
    <subfield code="w">2018-03-30</subfield>
    <subfield code="y">BK</subfield>
  </datafield>
  <datafield tag="952" ind1=" " ind2=" ">
    <subfield code="0">0</subfield>
    <subfield code="1">0</subfield>
    <subfield code="4">0</subfield>
    <subfield code="7">0</subfield>
    <subfield code="a">CAE</subfield>
    <subfield code="b">CAE </subfield>
    <subfield code="d">2018-03-30</subfield>
    <subfield code="l">0</subfield>
    <subfield code="o">519.4 GIL</subfield>
    <subfield code="p">CAEN-5518</subfield>
    <subfield code="r">2018-03-30</subfield>
    <subfield code="w">2018-03-30</subfield>
    <subfield code="y">BK</subfield>
  </datafield>
  <datafield tag="952" ind1=" " ind2=" ">
    <subfield code="0">0</subfield>
    <subfield code="1">0</subfield>
    <subfield code="4">0</subfield>
    <subfield code="7">0</subfield>
    <subfield code="a">CAE</subfield>
    <subfield code="b">CAE </subfield>
    <subfield code="d">2018-03-30</subfield>
    <subfield code="l">0</subfield>
    <subfield code="o">519.4 GIL</subfield>
    <subfield code="p">CAEN-5527</subfield>
    <subfield code="r">2018-03-30</subfield>
    <subfield code="w">2018-03-30</subfield>
    <subfield code="y">BK</subfield>
  </datafield>
  <datafield tag="952" ind1=" " ind2=" ">
    <subfield code="0">0</subfield>
    <subfield code="1">0</subfield>
    <subfield code="4">0</subfield>
    <subfield code="7">0</subfield>
    <subfield code="a">CAE</subfield>
    <subfield code="b">CAE </subfield>
    <subfield code="d">2018-03-30</subfield>
    <subfield code="l">0</subfield>
    <subfield code="o">519.4 GIL</subfield>
    <subfield code="p">CAEN-5547</subfield>
    <subfield code="r">2018-03-30</subfield>
    <subfield code="w">2018-03-30</subfield>
    <subfield code="y">BK</subfield>
  </datafield>
  <datafield tag="952" ind1=" " ind2=" ">
    <subfield code="0">0</subfield>
    <subfield code="1">0</subfield>
    <subfield code="4">0</subfield>
    <subfield code="7">0</subfield>
    <subfield code="a">CAE</subfield>
    <subfield code="b">CAE </subfield>
    <subfield code="d">2018-03-30</subfield>
    <subfield code="l">0</subfield>
    <subfield code="o">519.4 GIL</subfield>
    <subfield code="p">CAEN-5579</subfield>
    <subfield code="r">2018-03-30</subfield>
    <subfield code="w">2018-03-30</subfield>
    <subfield code="y">BK</subfield>
  </datafield>
  <datafield tag="952" ind1=" " ind2=" ">
    <subfield code="0">0</subfield>
    <subfield code="1">0</subfield>
    <subfield code="4">0</subfield>
    <subfield code="7">0</subfield>
    <subfield code="a">CAE</subfield>
    <subfield code="b">CAE </subfield>
    <subfield code="d">2018-03-30</subfield>
    <subfield code="l">0</subfield>
    <subfield code="o">519.4 GIL</subfield>
    <subfield code="p">CAEN-5528</subfield>
    <subfield code="r">2018-03-30</subfield>
    <subfield code="w">2018-03-30</subfield>
    <subfield code="y">BK</subfield>
  </datafield>
  <datafield tag="952" ind1=" " ind2=" ">
    <subfield code="0">0</subfield>
    <subfield code="1">0</subfield>
    <subfield code="4">0</subfield>
    <subfield code="7">0</subfield>
    <subfield code="a">CAE</subfield>
    <subfield code="b">CAE </subfield>
    <subfield code="d">2018-03-30</subfield>
    <subfield code="l">0</subfield>
    <subfield code="o">519.4 GIL</subfield>
    <subfield code="p">CAEN-5521</subfield>
    <subfield code="r">2018-03-30</subfield>
    <subfield code="w">2018-03-30</subfield>
    <subfield code="y">BK</subfield>
  </datafield>
  <datafield tag="952" ind1=" " ind2=" ">
    <subfield code="0">0</subfield>
    <subfield code="1">0</subfield>
    <subfield code="4">0</subfield>
    <subfield code="7">0</subfield>
    <subfield code="a">CAE</subfield>
    <subfield code="b">CAE </subfield>
    <subfield code="d">2018-03-30</subfield>
    <subfield code="l">0</subfield>
    <subfield code="o">519.4 GIL</subfield>
    <subfield code="p">CAEN-5592</subfield>
    <subfield code="r">2018-03-30</subfield>
    <subfield code="w">2018-03-30</subfield>
    <subfield code="y">BK</subfield>
  </datafield>
  <datafield tag="952" ind1=" " ind2=" ">
    <subfield code="0">0</subfield>
    <subfield code="1">0</subfield>
    <subfield code="4">0</subfield>
    <subfield code="7">0</subfield>
    <subfield code="a">CAE</subfield>
    <subfield code="b">CAE </subfield>
    <subfield code="d">2018-03-30</subfield>
    <subfield code="l">0</subfield>
    <subfield code="o">519.4 GIL</subfield>
    <subfield code="p">CAEN-5524</subfield>
    <subfield code="r">2018-03-30</subfield>
    <subfield code="w">2018-03-30</subfield>
    <subfield code="y">BK</subfield>
  </datafield>
  <datafield tag="952" ind1=" " ind2=" ">
    <subfield code="0">0</subfield>
    <subfield code="1">0</subfield>
    <subfield code="4">0</subfield>
    <subfield code="7">0</subfield>
    <subfield code="a">CAE</subfield>
    <subfield code="b">CAE </subfield>
    <subfield code="d">2018-03-30</subfield>
    <subfield code="l">0</subfield>
    <subfield code="o">519.4 GIL</subfield>
    <subfield code="p">CAEN-5538</subfield>
    <subfield code="r">2018-03-30</subfield>
    <subfield code="w">2018-03-30</subfield>
    <subfield code="y">BK</subfield>
  </datafield>
  <datafield tag="952" ind1=" " ind2=" ">
    <subfield code="0">0</subfield>
    <subfield code="1">0</subfield>
    <subfield code="4">0</subfield>
    <subfield code="7">0</subfield>
    <subfield code="a">CAE</subfield>
    <subfield code="b">CAE </subfield>
    <subfield code="d">2018-03-30</subfield>
    <subfield code="l">0</subfield>
    <subfield code="o">519.4 GIL</subfield>
    <subfield code="p">CAEN-5530</subfield>
    <subfield code="r">2018-03-30</subfield>
    <subfield code="w">2018-03-30</subfield>
    <subfield code="y">BK</subfield>
  </datafield>
  <datafield tag="952" ind1=" " ind2=" ">
    <subfield code="0">0</subfield>
    <subfield code="1">0</subfield>
    <subfield code="4">0</subfield>
    <subfield code="7">0</subfield>
    <subfield code="a">CAE</subfield>
    <subfield code="b">CAE </subfield>
    <subfield code="d">2018-03-30</subfield>
    <subfield code="l">0</subfield>
    <subfield code="o">519.4 GIL</subfield>
    <subfield code="p">CAEN-5559</subfield>
    <subfield code="r">2018-03-30</subfield>
    <subfield code="w">2018-03-30</subfield>
    <subfield code="y">BK</subfield>
  </datafield>
  <datafield tag="952" ind1=" " ind2=" ">
    <subfield code="0">0</subfield>
    <subfield code="1">0</subfield>
    <subfield code="4">0</subfield>
    <subfield code="7">0</subfield>
    <subfield code="a">CAE</subfield>
    <subfield code="b">CAE </subfield>
    <subfield code="d">2018-03-30</subfield>
    <subfield code="l">0</subfield>
    <subfield code="o">519.4 GIL</subfield>
    <subfield code="p">CAEN-5556</subfield>
    <subfield code="r">2018-03-30</subfield>
    <subfield code="w">2018-03-30</subfield>
    <subfield code="y">BK</subfield>
  </datafield>
</record>
